00479nam a22001817a 450000500170000001000150001702000260003203500140005803700090007208200130008110000140009424500610010825000060016926000360017527000480021130000210025970000170028020250624121855.0 aENG-145430 a9789361635069c280.00 aEN-128962 bDBAD a658.321 aP. Rajini aHuman Resource Management cP. Rajini [and] R. Kiruthika a1 aTamil NadubShanlax Publication aVasant Nagar, Madurai bTamil Nadu e625003 a128p.c22cm.(Pb) aR. kiruthika